The assistant /
保存先:
| 第一著者: | |
|---|---|
| フォーマット: | 図書 |
| 言語: | English |
| 出版事項: |
London :
Penguin Books,
1967.
|
| 主題: | |
| タグ: |
タグ追加
タグなし, このレコードへの初めてのタグを付けませんか!
|
| Thư viện lưu trữ: | Mạng thư viện Đại học Đà Nẵng |
|---|
| LEADER | 00765cam a2200313 i 4500 | ||
|---|---|---|---|
| 001 | 000045816 | ||
| 003 | 5015 | ||
| 005 | 20030212101441.0 | ||
| 008 | 010220|1967 vm 000 eng | ||
| 020 | |a 0140185089 | ||
| 040 | |a IRC |c IRC |d IRC | ||
| 041 | 0 | |a eng | |
| 082 | 1 | 4 | |a 813.54 |b MA-B |
| 100 | 1 | |a Malamud, Bernard, |d 1914-1986. | |
| 245 | 0 | 4 | |a The assistant / |c Bernard Malamud, 1914-1986. |
| 260 | |a London : |b Penguin Books, |c 1967. | ||
| 300 | |a 217p. | ||
| 630 | 0 | 4 | |a American fiction. |
| 650 | 0 | 4 | |a American fiction. |
| OWN | |a DUT | ||
| 999 | |a From the UDN01 | ||
| TYP | |a Monograph | ||
| TYP | |a Printed language | ||
| 980 | |a Mạng thư viện Đại học Đà Nẵng | ||


